The Basic Principles of Code of Civil Procedure in Cartel Law in the 20th Century
Elmentve itt :
| Szerző: | |
|---|---|
| Dokumentumtípus: | Könyv része |
| Megjelent: |
Iurisperitus Bt.
Szeged
2017
|
| Sorozat: | A Pólay Elemér Alapítvány könyvtára
Lege duce, comite familia: Ünnepi tanulmányok Tóthné Fábián Eszter tiszteletére, jogászi pályafutásának 60. évfordulójára |
| mtmt: | 3271187 |
| Online Access: | http://publicatio.bibl.u-szeged.hu/20381 |
| LEADER | 00847naa a2200205 i 4500 | ||
|---|---|---|---|
| 001 | publ20381 | ||
| 005 | 20210623144734.0 | ||
| 008 | 210210s2017 hu o 0|| zxx d | ||
| 020 | |a 9786155411564 | ||
| 024 | 7 | |a 3271187 |2 mtmt | |
| 040 | |a SZTE Publicatio Repozitórium |b hun | ||
| 041 | |a zxx | ||
| 100 | 1 | |a Varga Norbert | |
| 245 | 1 | 4 | |a The Basic Principles of Code of Civil Procedure in Cartel Law in the 20th Century |h [elektronikus dokumentum] / |c Varga Norbert |
| 260 | |a Iurisperitus Bt. |b Szeged |c 2017 | ||
| 300 | |a 7 | ||
| 300 | |a 505-511 | ||
| 490 | 0 | |a A Pólay Elemér Alapítvány könyvtára | |
| 490 | 0 | |a Lege duce, comite familia: Ünnepi tanulmányok Tóthné Fábián Eszter tiszteletére, jogászi pályafutásának 60. évfordulójára | |
| 856 | 4 | 0 | |u http://publicatio.bibl.u-szeged.hu/20381/1/TheBasicPrinciples-CartelLaw.pdf |z Dokumentum-elérés |